Classical electricity and magnetism (Record no. 14424)

000 -LEADER
fixed length control field 00648nam a22002171 4500
001 - CONTROL NUMBER
control field 14424
003 - CONTROL NUMBER IDENTIFIER
control field BD-DhUET
008 - FIXED-LENGTH DATA ELEMENTS--GENERAL INFORMATION
fixed length control field 850122s1962 maua b 000 0 eng
040 ## - CATALOGING SOURCE
Original cataloging agency DLC/ICU
Transcribing agency DLC
Modifying agency BD-DhUET
082 00 - DEWEY DECIMAL CLASSIFICATION NUMBER
Classification number 537
Item number PAN/1962
100 1# - MAIN ENTRY--PERSONAL NAME
Personal name Panofsky, Wolfgang K. H.
245 10 - TITLE STATEMENT
Title Classical electricity and magnetism
250 ## - EDITION STATEMENT
Edition statement 2nd ed.
260 ## - PUBLICATION, DISTRIBUTION, ETC. (IMPRINT)
Place of publication, distribution, etc. Massachusetts
Name of publisher, distributor, etc. Addison-Wesley Publishing
Date of publication, distribution, etc. 1962
300 ## - PHYSICAL DESCRIPTION
Extent xiv, 494 p.
Other physical details illus
Dimensions 24 cm.
490 ## - SERIES STATEMENT
Series statement This book is an Addison-Wesley world student series edition
504 ## - BIBLIOGRAPHY, ETC. NOTE
Bibliography, etc Includes bibliographies
650 #0 - SUBJECT ADDED ENTRY--TOPICAL TERM
Topical term or geographic name as entry element Electricity and Magnetism
700 ## - ADDED ENTRY--PERSONAL NAME
Personal name Phillips, Melba
942 ## - ADDED ENTRY ELEMENTS (KOHA)
Koha item type General Book
Holdings
Koha date last seen Withdrawn status Lost status Copy number Koha full call number Piece designation (barcode) Date acquired Damaged status Not for loan Shelving location Price effective from Koha normalized classification for sorting Koha item type Location (home branch) Source of classification or shelving scheme Sublocation or collection (holding branch)
2015-03-08  1537/PAN/1962200432015-03-08  Circulation section2015-03-08537_000000000000000_PAN_1962General BookCentral Library, BUET Central Library, BUET
2015-03-18  2537/PAN/1962248662015-03-18  Circulation section2015-03-18537_000000000000000_PAN_1962General BookCentral Library, BUET Central Library, BUET
2015-03-19  3537/PAN/1962368002015-03-19  Circulation section2015-03-19537_000000000000000_PAN_1962General BookCentral Library, BUET Central Library, BUET
2015-03-19  4537/PAN/196244772015-03-19  Circulation section2015-03-19537_000000000000000_PAN_1962General BookCentral Library, BUET Central Library, BUET
2015-03-19  5537/PAN/1962846672015-03-19  Circulation section2015-03-19537_000000000000000_PAN_1962General BookCentral Library, BUET Central Library, BUET